000 00563nam a2200121Ia 4500
008 220615s9999||||xx |||||||||||||| ||und||
100 _aA. Petricini, Tiffany
245 0 _aFriendship and Technology
_bA Philosophical Approach to Computer Mediated Communication
546 _aEnglish[eng]
650 _acommunication theory||digital relationships||ethics||friends||interpersonal communication||mediated communication||participatory media||philosophy||togetherness
856 _uhttps://library.oapen.org/bitstream/20.500.12657/53121/1/9781000543216.pdf
942 _cEB
999 _c7739
_d7739